Statistics for Charlton Athletic Premier League XIs

Click here to take the quiz!

General Stats

  • This quiz has been taken 59 times
  • The average score is 16 of 42

Answer Stats

Answer% Correct
Darren Bent
89%
Marcus Bent
89%
Dean Kiely
64%
Scott Parker
61%
Matt Holland
58%
Kevin Lisbie
53%
Luke Young
53%
Jason Euell
50%
Richard Rufus
50%
Chris Powell
47%
Mark Fish
47%
Clive Mendonca
44%
Jonatan Johansson
44%
Jonathan Fortune
44%
Shaun Bartlett
44%
Mark Kinsella
42%
Paul Konchesky
42%
Saša Ilić
42%
Claus Jensen
39%
Danny Mills
39%
Hermann Hreiðarsson
39%
Scott Carson
39%
Darren Ambrose
36%
Jerome Thomas
36%
Andy Hunt
31%
Dennis Rommedahl
31%
John Robinson
31%
Jorge Costa
31%
Paolo Di Canio
31%
Danny Murphy
28%
Radostin Kishishev
28%
Graham Stuart
25%
Eddie Youds
19%
Neil Redfearn
19%
Talal El Karkouri
19%
Thomas Myhre
19%
Bryan Hughes
17%
Carl Tiler
17%
Chris Perry
14%
Andy Todd
8%
Souleymane Diawara
8%
Amdy Faye
6%

Score Distribution

Percentile by Number Answered

Percent of People with Each Score

Your Score History

You have not taken this quiz